| 000 | 00655nam a2200241Ia 4500 | ||
|---|---|---|---|
| 003 | OSt | ||
| 005 | 20220926011835.0 | ||
| 006 | a|||||r|||| 00| 0 | ||
| 007 | ta | ||
| 008 | 220923b |||||||| |||| 00| 0 eng d | ||
| 037 | _cGeneral Book | ||
| 040 |
_aRTL _cRTL _beng |
||
| 041 |
_2eng _aeng |
||
| 082 | _aX:92, L9 | ||
| 100 |
_aJohnson Robert G. _9315075 |
||
| 245 | 0 | _aAppraisal interview guide | |
| 260 |
_aNew York _bAMCOM _c1979 |
||
| 300 |
_a122p. _ccm. |
||
| 490 | _aAmerican Management Associations | ||
| 650 |
_aJob Evaluation _9241457 |
||
| 942 |
_hX:92, L9 _cGB _2CC |
||
| 999 |
_c621137 _d621137 |
||